| 000 | 00599cam a2200169 a 4500 | ||
|---|---|---|---|
| 020 | _a9781583332702 | ||
| 020 | _a1583332707 | ||
| 050 | 0 | 0 |
_aRC 547 _b.S34 2007 |
| 100 | 1 | _aSchenck, Carlos. | |
| 245 | 1 | 0 |
_aSleep : _bthe mysteries, the problems, and the solutions / _cCarlos H. Schenck. |
| 260 |
_aNew York : _bAvery, _cc2007. |
||
| 300 | _axix, 294 p. ; | ||
| 856 | 4 | 1 | _uhttp://www.loc.gov/catdir/toc/ecip074/2006037020.html |
| 856 | 4 | 2 | _uhttp://www.loc.gov/catdir/enhancements/fy0728/2006037020-d.html |
| 856 | 4 | 2 | _uhttp://www.loc.gov/catdir/enhancements/fy0728/2006037020-b.html |
| 942 |
_2lcc _cGEN |
||
| 999 |
_c4042 _d4042 |
||